Crystal filters (Record no. 6250)

000 -LEADER
fixed length control field 00775nam a2200241 a 4500
001 - CONTROL NUMBER
control field 6250
003 - CONTROL NUMBER IDENTIFIER
control field BD-DhUET
008 - FIXED-LENGTH DATA ELEMENTS--GENERAL INFORMATION
fixed length control field 860804s1987 nyua b 001 0 eng
020 ## - INTERNATIONAL STANDARD BOOK NUMBER
International Standard Book Number 0471884782
040 ## - CATALOGING SOURCE
Original cataloging agency DLC
Transcribing agency DLC
Modifying agency BD-DhUET
082 ## - DEWEY DECIMAL CLASSIFICATION NUMBER
Classification number 623.815524
Item number KIN/1987
100 1# - MAIN ENTRY--PERSONAL NAME
Personal name Kinsman, Robert G.
245 10 - TITLE STATEMENT
Title Crystal filters
Remainder of title design, manufacture, and application
Statement of responsibility, etc. by Robert G. Kinsman
250 ## - EDITION STATEMENT
Edition statement 1st ed.
260 ## - PUBLICATION, DISTRIBUTION, ETC. (IMPRINT)
Place of publication, distribution, etc. New York
Name of publisher, distributor, etc. John Wiley & Sons
Date of publication, distribution, etc. 1987
300 ## - PHYSICAL DESCRIPTION
Extent xiii,191p.
Other physical details ill.
Dimensions 25 cm.
490 ## - SERIES STATEMENT
Series statement Wiley series on filters
504 ## - BIBLIOGRAPHY, ETC. NOTE
Bibliography, etc Includes bibliographies
650 #0 - SUBJECT ADDED ENTRY--TOPICAL TERM
Topical term or geographic name as entry element Electric filters, Crystal
856 42 - ELECTRONIC LOCATION AND ACCESS
Uniform Resource Identifier http://www.loc.gov/catdir/description/wiley032/86019085.html
856 4# - ELECTRONIC LOCATION AND ACCESS
Uniform Resource Identifier http://www.loc.gov/catdir/toc/onix03/86019085.html
942 ## - ADDED ENTRY ELEMENTS (KOHA)
Koha item type General Book
Holdings
Sublocation or collection (holding branch) Koha date last borrowed Shelving location Koha date last seen Location (home branch) Date acquired Copy number Koha issues (times borrowed) Withdrawn status Lost status Source of classification or shelving scheme Damaged status Price effective from Piece designation (barcode) Koha normalized classification for sorting Koha item type Not for loan Koha renewals Koha full call number
Central Library, BUET Circulation section2014-12-01Central Library, BUET2014-12-011     2014-12-0178598623_000000000000000_815524KIN1General Book  623.815524/KIN/1987
Central Library, BUET Circulation section2014-12-03Central Library, BUET2014-12-032     2014-12-0375685623_000000000000000_815524IN19General Book  623.815524/IN/1987
Central Library, BUET2017-05-09Circulation section2017-08-07Central Library, BUET2014-12-03310    2014-12-0378599623_000000000000000_815524IN19General Book 1623.815524/IN/1987
Central Library, BUET Circulation section2014-12-03Central Library, BUET2014-12-034     2014-12-0378808623_000000000000000_815524IN19General Book  623.815524/IN/1987
Central Library, BUET Circulation section2014-12-03Central Library, BUET2014-12-035     2014-12-0378807623_000000000000000_815524IN19General Book  623.815524/IN/1987